000
00330 a2200145 4500
999
_c
12237
_d
12237
003
OSt
005
20240111172416.0
008
240111b ||||| |||| 00| 0 eng d
020
_a
9788415123729
082
_a
728.5
100
_a
Krauel, Jacobo
245
_a
The architecture of wellbeing
260
_b
UNKNO
_c
2014
942
_2
ddc